Statistiques concernant A qui appartient les paroles ?

Cliquez ici pour prendre le quiz!

Statistiques générales

  • Ce quiz a été pris 33 fois
  • Le résultat moyen est 5 sur 15

Statistiques - réponses

HintRéponse% Correct
Ce soir, j'oublie tout et quand je repense à ce jour, j'me dis que
la vie est courte
Jul
83%
Les mauvais choix font la cause prison, c'est l'Monopoly,
eh eh
sch
69%
J'ai perdu des proches, certains sont pas morts, ils ont juste
fait les traitres
Damso
52%
Ter-ter comme TN, j'ai rajouté W après BMNinho
52%
Une baise magnifique dans la Mini
ça pourrait durer à l'infini
lomepal
41%
Ouais, rappelle-toi quand c'était carré, on disait que rien
pourrait nous séparer
PLK
41%
On fait des choix qu'on assumera forcément, dans
mélancolie, dans mon élément
laylow
38%
En plein été, j'ai froid sa mère, en trois quarts d'heures, j'fais
trois salaires
Dinos
31%
J'pisse sur le game, j'lui fais sa golden showerjosman
28%
Elle est parfois belle mon époque, je la vis, on est
pauvres, cela dit
luv resval
17%
D'ailleurs maman, pourquoi ils m'envient, j'ai pas changé,
j'suis toujours le même
RK
17%
Pour l'moment, je suis qu'un pauvre avec problèmes
de riches
b.b jacques
14%
Mêmes parfums, mêmes endroits
Laisse tomber les cours, on sera jamais calés en
droit
ashh
10%
Ce soir, je ne rentre pas, tu m'en veux
Je n'ai pas tenu mes promesses, tu m'en veux
YL
10%
Faut qu'j'sois honnête, j'ai toujours pas dit que ton
sourire m'ensorcelle
squidji
7%

Distribution des résultats

Percentile par nombre de réponses

% des personnes avec chaque résultat

Votre développement - résultats

Vous n’avez pas pris ce quiz